Biblioteca da Unidade Pastoral de Sintra

Massamá (Registo nº 1328)

000 -Record Label
fixed length control field 00474nam 2200169 4500
011 ## - International Standard Serial Number (ISSN)
Number (ISSN) 9789892040660
100 ## - General Processing Data
General Processing Data 20161211d m||y0pory50 ba
200 ## - Title and Statement of Responsibility
Title Proper Massamá
Other Title Information Freguesia do Concelho de Sintra
First Statement of Responsibility F. Hermínio Santos
210 ## - Publication, Distribution, etc.
Place of Publication, Distribution, etc. Massamá
Name of Publisher, Distributor, etc. Junta de Freguesia
Date of Publication, Distribution, etc. 2013
215 ## - Physical Description
Specific Material Designation and Extent of Item 255p.
Other Physical Details muito il.
Dimensions 26cm
600 ## - Personal Name Used as Subject
Entry Element F. Hermínio Santos
601 ## - Corporate Body Name Used as Subject
Entry Element Junta de Freguesia
675 ## - Universal Decimal Classification (UDC)
Number 908
Edition UPS
Language of Edition por
700 ## - Personal Name - Primary Responsibility
Part of Name Other than Entry Element Santos,F. Hermínio
090 ## - System Control Numbers (Koha)
Koha biblioitem number (autogenerated) 1328
942 ## - ADDED ENTRY ELEMENTS (KOHA)
Koha item type Books
Exemplares
Origin of item (home branch) (free text) Type of item and material Lost status Lending or holding organisation (holding branch) code Call number (full call number) Withdrawn status Origin of item (home branch (coded) Barcode Coded location qualifier Circulation type (not for loan)
UPSBooks Biblioteca da Unidade Pastoral de Sintra908 SAN 1085 Biblioteca da Unidade Pastoral de Sintra10852016-12-11 

Powered by Koha